PC Software Workbook : A Tutorial Introduction to: The PC and DOS, PC-Write, PC-Calc, PC-File /

Saved in:
Bibliographic Details
Main Authors: O'Brien, James A (Author), Durham, John W (Author)
Format: Book
Language:English
Published: Homewood : Richard D.Irwin, 1989
Edition:2.Edition
Tags: Add Tag
No Tags, Be the first to tag this record!

MARC

LEADER 00000nam a22000003a 4500
001 stu21849
005 20150617225749.9
008 931115s1989----xxu-----------------eng-d
020 |a 0-256-06704-X 
040 |a STU  |b slo 
041 0 |a eng 
044 |a xxu 
080 |a 681.3.06 
100 1 |a O'Brien, James A  |4 aut 
245 1 |a PC Software Workbook :  |b A Tutorial Introduction to: The PC and DOS, PC-Write, PC-Calc, PC-File /  |c [aut.]O'Brien,James A., Durham,John W 
250 |a 2.Edition 
260 |a Homewood :  |b Richard D.Irwin,  |c 1989 
300 |a 239 s :  |b Tab.,index 
700 1 |a Durham, John W  |4 aut 
996 |b C92135  |c C*92135  |l CCV  |s P  |a 0  |w stu21849_0001